LEADER 00490nam##22001337##450# 001 9910551548503321 010 $a9788849133189 100 $a########d########u##y0engy50####ba 105 0 $a########00### 200 1 $aL'uso e la comprensione del repertorio linguistico e gestuale : contributi dalla ricerca sul campo in Italia / Fabio Foresti. 700 $aForesti, Fabio.$0164848 912 $a9910551548503321 996 $aL'uso e la comprensione del repertorio linguistico e gestuale$92437394 997 $aUNINA LEADER 01009nam 2200253la 450 001 9910482178903321 005 20221102160728.0 035 $a(UK-CbPIL)2090324358 035 $a(CKB)5500000000089383 035 $a(EXLCZ)995500000000089383 100 $a20221102d1649 uy | 101 0 $alat 135 $aurcn||||a|bb| 200 10$aProgymnasmata Aphthonius partim a? Rodolpho Agricola, partim a? Johanne Maria Catanaeo, Latinitate donata, cum scholiis R. Lorichii 210 $aAmsterdam $cLouis Elzevir$d1649 215 $aOnline resource (383, [13] p, 12°) 300 $aReproduction of original in Koninklijke Bibliotheek, Nationale bibliotheek van Nederland. 700 $aAphthonius$factive 4th century-5th century.$0198697 801 0$bUk-CbPIL 801 1$bUk-CbPIL 906 $aBOOK 912 $a9910482178903321 996 $aProgymnasmata Aphthonius partim a? Rodolpho Agricola, partim a? Johanne Maria Catanaeo, Latinitate donata, cum scholiis R. Lorichii$92273985 997 $aUNINA